[Event "UZB-ch (Woman)"]
[Site "Tashkent"]
[Date "2009.06.06"]
[Round "9"]
[White "Nadirjanova, Nodira"]
[Black "Karimova, Ozoda"]
[Result "1-0"]
[WhiteElo "2130"]
[BlackElo "1968"]
[PlyCount "124"]
[EventDate "2009.05.29"]
[EventType "tourn"]
[EventRounds "11"]
[EventCountry "UZB"]
[SourceTitle "CBM 130 Extra"]
[Source "ChessBase"]
[SourceDate "2009.07.02"]
[SourceVersion "2"]
[SourceVersionDate "2009.07.15"]
[SourceQuality "1"]

1. d4 Nf6 2. c4 g6 3. Nc3 d5 4. cxd5 Nxd5 5. Bd2 Bg7 6. e4 Nxc3 7. Bxc3 0-0 8. Rc1 Nd7 9. Nf3 b6 10. Bc4 Bb7 11. e5 e6 12. 0-0 c5 13. Re1 Re8 14. b4 cxd4 15. Bxd4 Rc8 16. Bb2 Nb8 17. Qe2 Qe7 18. a3 Red8 19. Qe3 h6 20. Nd4 a6 21. b5 a5 22. Nb3 a4 23. Nd2 Nd7 24. Bd4 Nc5 25. Bf1 Bf8 26. Bc3 Kh7 27. Bb4 Qh4 28. Rc4 Qe7 29. Bxc5 Rxc5 30. Rxa4 Rc2 31. Nc4 Qc7 32. Qb3 Rcd2 33. Nxd2 Rxd2 34. Rf4 Bc5 35. Rd1 Bd5 36. Qb1 Rxd1 37. Qxd1 Bxa3 38. Ra4 Bc5 39. Qa1 Kg7 40. Ra7 Qd8 41. Qc3 Qh4 42. Qe1 Qf4 43. Qe2 Bd4 44. g3 Qxe5 45. Qxe5+ Bxe5 46. Bg2 Bxg2 47. Kxg2 Bd4 48. Kf3 g5 49. Rd7 Bc5 50. Rc7 Bd4 51. Rc4 e5 52. g4 Kg6 53. Rc2 h5 54. h3 hxg4+ 55. hxg4 Kf6 56. Ke4 Ke6 57. Rc6+ Ke7 58. f3 f6 59. Kf5 e4 60. Kxe4 Bf2 61. Kd5 Bg1 62. Rc7+ Ke8 1-0

[Event "UZB-ch (Woman)"]
[Site "Tashkent"]
[Date "2009.06.04"]
[Round "7"]
[White "Karimova, Ozoda"]
[Black "Chorshanbieva, Umida"]
[Result "1/2-1/2"]
[WhiteElo "1968"]
[BlackElo "2082"]
[PlyCount "112"]
[EventDate "2009.05.29"]
[EventType "tourn"]
[EventRounds "11"]
[EventCountry "UZB"]
[SourceTitle "CBM 130 Extra"]
[Source "ChessBase"]
[SourceDate "2009.07.02"]
[SourceVersion "2"]
[SourceVersionDate "2009.07.15"]
[SourceQuality "1"]

1. e4 e5 2. Nf3 Nc6 3. Bb5 a6 4. Ba4 Nf6 5. 0-0 Be7 6. d3 b5 7. Bb3 d6 8. h3 0-0 9. c3 h6 10. Re1 Re8 11. Nbd2 Bf8 12. Nf1 d5 13. exd5 Nxd5 14. d4 e4 15. N3d2 Nf6 16. Ng3 Bb7 17. Bc2 b4 18. Ndxe4 bxc3 19. bxc3 Nd5 20. Qd3 g6 21. Bd2 f5 22. Nxf5 gxf5 23. Nc5 Bc8 24. Qf3 Nce7 25. Ne6 Qd6 26. Nxf8 Rxf8 27. Rxe7 Qxe7 28. Qxd5+ Be6 29. Qe5 Qd6 30. Qxd6 cxd6 31. Bxh6 Rfc8 32. Bd2 Rab8 33. Bb3 Kf7 34. Rb1 a5 35. d5 Bd7 36. Rc1 a4 37. Bd1 Rb2 38. Bf4 Rxa2 39. Bxd6 Rc4 40. Kf1 Rd2 41. Be2 Rc8 42. c4 Ra8 43. c5 a3 44. Ke1 Rxd5 45. Bc4 Be6 46. Bxd5 Bxd5 47. c6 a2 48. Be5 Ke6 49. f4 Bxg2 50. c7 Rc8 51. h4 Bb7 52. h5 Kf7 53. Kf2 Rg8 54. Ke3 Bc8 55. Rh1 Bb7 56. Rh2 Rg3+ 1/2-1/2

[Event "UZB-ch (Woman)"]
[Site "Tashkent"]
[Date "2009.06.01"]
[Round "4"]
[White "Orzikulova, Maftuna"]
[Black "Karimova, Ozoda"]
[Result "1-0"]
[WhiteElo "2030"]
[BlackElo "1968"]
[PlyCount "73"]
[EventDate "2009.05.29"]
[EventType "tourn"]
[EventRounds "11"]
[EventCountry "UZB"]
[SourceTitle "CBM 130 Extra"]
[Source "ChessBase"]
[SourceDate "2009.07.02"]
[SourceVersion "2"]
[SourceVersionDate "2009.07.15"]
[SourceQuality "1"]

1. Nf3 d6 2. d4 g6 3. e4 Bg7 4. Nc3 Nf6 5. h3 b6 6. Be3 Bb7 7. Bb5+ Nbd7 8. e5 Nd5 9. e6 fxe6 10. Ng5 Nxe3 11. fxe3 0-0 12. Nxe6 Qc8 13. Nxf8 Nxf8 14. 0-0 Qe6 15. Qe2 c6 16. Bd3 d5 17. Rae1 c5 18. dxc5 bxc5 19. e4 c4 20. exd5 Qb6+ 21. Kh1 cxd3 22. Qxe7 Ba6 23. cxd3 Bxd3 24. Qf7+ Kh8 25. Re7 Bh6 26. Rfe1 Qxb2 27. Qf6+ Kg8 28. d6 Bf5 29. Qf7+ Kh8 30. Nd5 Qg7 31. Nf6 Qxf7 32. Rxf7 Rd8 33. Ree7 g5 34. d7 Bg6 35. Re8 Bxf7 36. Rxd8 Kg7 37. Rxf8 1-0

[Event "UZB-ch (Woman)"]
[Site "Tashkent"]
[Date "2009.05.29"]
[Round "1"]
[White "Karimova, Ozoda"]
[Black "Gevorgyan, Irina"]
[Result "1-0"]
[WhiteElo "1968"]
[BlackElo "2168"]
[PlyCount "101"]
[EventDate "2009.05.29"]
[EventType "tourn"]
[EventRounds "11"]
[EventCountry "UZB"]
[SourceTitle "CBM 130 Extra"]
[Source "ChessBase"]
[SourceDate "2009.07.02"]
[SourceVersion "2"]
[SourceVersionDate "2009.07.15"]
[SourceQuality "1"]

1. e4 c5 2. Nc3 e6 3. g3 Nc6 4. Bg2 Nf6 5. d3 d5 6. exd5 Nxd5 7. Nge2 Nxc3 8. Nxc3 Be7 9. Be3 Qb6 10. Rb1 Nd4 11. 0-0 Bd7 12. Ne4 Nf5 13. Bd2 Bc6 14. a3 a5 15. Bc3 0-0 16. Qh5 Nd4 17. Rbc1 Qd8 18. f4 a4 19. Ng5 h6 20. Bxc6 Nxc6 21. Ne4 Nd4 22. Rf2 Qd5 23. Qxd5 exd5 24. Bxd4 cxd4 25. Nd2 Ra6 26. Nf3 Rb6 27. c4 dxc4 28. Rxc4 Rc6 29. Rxc6 bxc6 30. Rc2 c5 31. Ne5 Rc8 32. Nd7 c4 33. Kf1 Rd8 34. Nb6 cxd3 35. Rd2 Bf6 36. Nxa4 Rc8 37. Rxd3 Rc1+ 38. Ke2 Rh1 39. b4 Rxh2+ 40. Kf3 Ra2 41. b5 Be7 42. b6 Rxa3 43. Rxa3 Bxa3 44. Nc3 Bd6 45. Nd5 Kf8 46. Nc7 f5 47. Na6 g5 48. b7 Kf7 49. b8Q Bxb8 50. Nxb8 Kg6 51. Nd7 1-0

[Event "UZB-ch (Women)"]
[Site "Tashkent"]
[Date "2008.05.04"]
[Round "11"]
[White "Karimova, Ozoda"]
[Black "Chorshanbieva, Umida"]
[Result "1-0"]
[WhiteElo "2005"]
[BlackElo "2078"]
[PlyCount "73"]
[EventDate "2008.05.04"]
[EventType "tourn"]
[EventRounds "11"]
[EventCountry "UZB"]
[SourceTitle "CBM 124 Extra"]
[Source "ChessBase"]
[SourceDate "2008.07.03"]
[SourceVersion "1"]
[SourceVersionDate "2008.07.03"]
[SourceQuality "1"]

1. d4 d5 2. e3 Nf6 3. Bd3 e6 4. f4 c5 5. c3 Nbd7 6. Nf3 Bd6 7. 0-0 g6 8. Qe1 Be7 9. Nbd2 b6 10. Ne5 Bb7 11. Ndf3 Nxe5 12. fxe5 Nd7 13. Bd2 Qc7 14. Qe2 0-0-0 15. a4 c4 16. Bc2 g5 17. Be1 h5 18. Nd2 Rdf8 19. b3 cxb3 20. Nxb3 a5 21. Bd3 f6 22. exf6 Bd6 23. g3 Nxf6 24. Rc1 Kd8 25. c4 dxc4 26. Rxc4 Qd7 27. e4 Bc7 28. Bd2 Rhg8 29. Rfc1 Bb8 30. Nxa5 bxa5 31. Bxa5+ Ke8 32. Rc8+ Qxc8 33. Rxc8+ Bxc8 34. e5 Nd5 35. Qxh5+ Ke7 36. Qh7+ Rf7 37. Qxg8 1-0

[Event "UZB-ch U20 Girls"]
[Site "Tashkent"]
[Date "2006.09.28"]
[Round "12"]
[White "Karimova, Ozoda"]
[Black "Nadirjanova, Nodira"]
[Result "0-1"]
[WhiteElo "2034"]
[BlackElo "2085"]
[PlyCount "118"]
[EventDate "2006.09.17"]
[EventType "tourn"]
[EventRounds "13"]
[EventCountry "UZB"]
[SourceTitle "EXT 2015"]
[Source "ChessBase"]
[SourceDate "2014.11.20"]
[SourceVersion "1"]
[SourceVersionDate "2014.11.20"]
[SourceQuality "1"]

1. d4 d6 2. e3 f5 3. Nf3 Nf6 4. Bd3 Nc6 5. c3 e5 6. Bc4 e4 7. Ng5 d5 8. Bb5 a6 9. Bxc6+ bxc6 10. Nd2 Bd6 11. Nf1 0-0 12. Ng3 Bd7 13. b3 Qe7 14. c4 Ng4 15. Nh3 Qh4 16. c5 Be7 17. Bd2 Rf6 18. Ba5 Bd8 19. Qe2 Ra7 20. 0-0-0 Rf8 21. Rdf1 Be7 22. Kc2 Rb8 23. Qe1 Nh6 24. f3 exf3 25. Rxf3 g6 26. Nf4 Nf7 27. Nd3 Re8 28. Rf4 Qh6 29. h4 Bf6 30. Qf2 Qg7 31. h5 Nd8 32. hxg6 hxg6 33. Rf3 Ne6 34. Qg1 Kf7 35. Ne2 Ng5 36. Rg3 Rh8 37. Nef4 Be8 38. Ne5+ Kg8 39. Nf3 Rxh1 40. Qxh1 Ne4 41. Rh3 Nf2 42. Qh2 Nxh3 43. Nxh3 g5 44. Ne1 f4 45. Qg1 Bd7 46. exf4 Bxd4 47. Qf1 g4 48. Nf2 Bxc5 49. Qe2 Bf5+ 50. Ned3 Ra8 51. Bc3 Bd4 52. Bxd4 Qxd4 53. Nxg4 Qxf4 54. Nf6+ Kf7 55. Nd7 Bxd3+ 56. Qxd3 Ke7 57. Qh7+ Kd6 58. b4 Qc4+ 59. Kd1 Qg4+ 0-1

[Event "UZB-ch U20 Girls"]
[Site "Tashkent"]
[Date "2006.09.21"]
[Round "5"]
[White "Karimova, Ozoda"]
[Black "Muminova, Nafisa"]
[Result "0-1"]
[WhiteElo "2034"]
[BlackElo "2123"]
[PlyCount "144"]
[EventDate "2006.09.17"]
[EventType "tourn"]
[EventRounds "13"]
[EventCountry "UZB"]
[SourceTitle "EXT 2015"]
[Source "ChessBase"]
[SourceDate "2014.11.20"]
[SourceVersion "1"]
[SourceVersionDate "2014.11.20"]
[SourceQuality "1"]

1. e4 e6 2. d4 d5 3. exd5 exd5 4. Bd3 Bd6 5. c3 Nc6 6. Be3 Nge7 7. Qc2 Be6 8. Ne2 Qd7 9. Nd2 0-0-0 10. Nb3 Nf5 11. Bf4 Nh4 12. 0-0-0 Nxg2 13. Bg3 Qe7 14. h4 Bxg3 15. Nxg3 Nxh4 16. Nc5 Rd6 17. Rde1 Qg5+ 18. Kb1 Kb8 19. b4 g6 20. b5 Nd8 21. Re5 Qf4 22. a4 Bc8 23. a5 Ne6 24. Na4 Bd7 25. Ka2 Rc8 26. Qb2 Nf3 27. Re3 h5 28. Rb1 b6 29. axb6 cxb6 30. Ne2 Qf6 31. Qa3 Neg5 32. Ra1 Bg4 33. Kb2 Rd7 34. Nc1 Qd6 35. Qa2 Nd2 36. Nb3 Nxb3 37. Kxb3 Nf3 38. Bf1 Ng5 39. Bg2 Ne6 40. Nb2 Rb7 41. Nd3 Nc7 42. Nb4 Bd7 43. Re5 Bxb5 44. Kb2 Bc4 45. Qa4 b5 46. Qa5 Qf6 47. f4 Rh8 48. Re7 Qb6 49. Rxf7 Re8 50. Bf3 Be2 51. Bxd5 Nxd5 52. Nxd5 Qxa5 53. Rxb7+ Kxb7 54. Rxa5 Bc4 55. Nb4 Re2+ 56. Kc1 Re6 57. Nc2 h4 58. Na3 h3 59. Nxb5 h2 60. Rxa7+ Kb6 61. Rh7 Re1+ 62. Kd2 h1Q 63. Rxh1 Rxh1 64. Nd6 Rh2+ 65. Ke3 Rh3+ 66. Kd2 Be6 67. Ne4 Bf5 68. Nf6 Kb5 69. Nd5 Kc6 70. Nb4+ Kd6 71. c4 Rb3 72. c5+ Kd7 0-1